00567nam a22001457a 4500003000400000005001700004008004100021050002300062082002600085110006800111245016400179300003100343500004100374562000600415OSt20150930140248.0130218t xxu||||| |||| 00| 0 eng d aHB 601b.In61 1997 aFIL 338.04 bIn8 1997 aSmall Enterprises Research and Development Foundation (SERDEF). aIntroduction to entrepreneurship /cSmall Enterprises Research and Development Foundation (SERDEF) in cooperation with UP Institute for Small-Scale Industries. aviii, 280 pages ; c21 cm. aIncludes bibliographical references. e1